Internet ako strategický nástroj marketingovej komunikácie
Používanie internetu malými a strednými podnikmi pôsobiacimi v SR v marketingovej komunikácii – výsledky výskumu. Využívané e-komunikačné nástroje, doplnkové e-služby, tvorba a správa web-stránky. Hodnotenie internetovej stránky ako strategického komunikačného nástroja. Internet sa stal vysoko použí...
Salvato in:
| Autore principale: | |
|---|---|
| Altri autori: | |
| Natura: | Capitolo di libro |
| Lingua: | slovacco |
| Soggetti: | |
| Tags: |
Nessun Tag, puoi essere il primo ad aggiungerne!!
|
MARC
| LEADER | 00000nla$a2200000$$$4500 | ||
|---|---|---|---|
| 001 | 0109572 | ||
| 005 | 20240502083254.8 | ||
| 041 | 0 | |a slo | |
| 044 | |a CZ | ||
| 245 | 1 | 0 | |a Internet ako strategický nástroj marketingovej komunikácie |c Benita Juriková, Miroslava Szarková |
| 520 | |a Používanie internetu malými a strednými podnikmi pôsobiacimi v SR v marketingovej komunikácii – výsledky výskumu. Využívané e-komunikačné nástroje, doplnkové e-služby, tvorba a správa web-stránky. Hodnotenie internetovej stránky ako strategického komunikačného nástroja. Internet sa stal vysoko používaným nástrojom a zvlášť v marketingovej komunikácii ho využíva stále viac malých a stredných podnikov. Možno predpokladať, že tento trend bude pokračovať. | ||
| 610 | 2 | 0 | |a internet |
| 610 | 2 | 0 | |a komunikácia marketingová |
| 610 | 2 | 0 | |a marketing strategický |
| 610 | 2 | 0 | |a Slovensko |
| 100 | 1 | |a Juriková, Benita, 1973- | |
| 700 | 1 | |a Szarková, Miroslava, 1951- | |